A FIRST COURSE IN DIFFERENTIAL EQUATIONS WITH MODELLING APPLICATIONS (Record no. 216259)

MARC details
000 -LEADER
fixed length control field 00487nam a22001577a 4500
008 - FIXED-LENGTH DATA ELEMENTS--GENERAL INFORMATION
fixed length control field 251121b |||||||| |||| 00| 0 eng d
020 ## - INTERNATIONAL STANDARD BOOK NUMBER
International Standard Book Number 978-1-305-97061-8
100 ## - MAIN ENTRY--PERSONAL NAME
Personal name ZILL, DENNIS G.
245 ## - TITLE STATEMENT
Title A FIRST COURSE IN DIFFERENTIAL EQUATIONS WITH MODELLING APPLICATIONS
Remainder of title A METRIC VERSION
250 ## - EDITION STATEMENT
Edition statement 10TH ED
260 ## - PUBLICATION, DISTRIBUTION, ETC.
Name of publisher, distributor, etc. CENGAGE LEARNING
Date of publication, distribution, etc. 2016
300 ## - PHYSICAL DESCRIPTION
Extent XI, 384P.
650 ## - SUBJECT ADDED ENTRY
Topical term or geographic name entry element 1. DIFFERENTIAL EQUATIONS 2, MATHEMATICAL MODELS
942 ## - ADDED ENTRY ELEMENTS (KOHA)
Source of classification or shelving scheme Library of Congress Classification
Koha item type Long Loan Book

No items available.